| 000 | 00495nam a2200145Ia 4500 | ||
|---|---|---|---|
| 008 | 170221s9999 xx 000 0 und d | ||
| 100 | _aLovett, Marvin. | ||
| 245 | _aConsignment auctions: A proposed optional channel for reverse logistics | ||
| 245 | _cMarvin Lovett, The University of Texas Rio Grande Valley. | ||
| 260 | _bJournal of Management and Marketing Research | ||
| 260 | _c2012 | ||
| 300 | _a32 : 10 | ||
| 650 | _xBusiness | ||
| 856 | _uhttp://www.aabri.com/manuscripts/162417.pdf | ||
| 999 |
_c311299 _d311299 |
||